01266nam a22002894c 4500003000900000008004100009020001800050040002500068041001800093080001100111100002500122245002400147264003200171300004100203336002700244337003300271338002800304490002800332520035500360521002400715650004600739650001500785700003500800942001400835999001300849952011400862AR-BaSMT240627b2022 enka|||ar|||| 000 1 ing d a9781474918480 aBSGBbespañolerda0 ainghInglés a82-34 1 aPunter, Russell947510aGiraffe in the bath aLondres : bUsrborne,c2022 a24 páginas ; bilustraciones color 2rdacontentatextobtxt 2rdamediaasin mediaciónbn 2rdacarrieravolumenbnc aUsborne Phonics Readers aGiraffe is all set for a soak in the tub after a hard day's work '“ but no one will leave her in peace! This lively rhyming story, containing vivid illustrations and phonic repetition, is specially written for children who are learning to read. A delight to share with young children, and there are parents notes on phonics at the back of the book. aJardín / Primaria 798aLITERATURA INFANTILvInglésxPhonics 7923aCUENTO1 aSemple, David9478eIlustrador 2ddcaBOOK c642d642 00102ddc40aBSGBbBSGBcInglés - AmarilloeCompra Feria del Libro 2026i000910l0o82-34 PUNp000910t1f